NLSUI OPAC header image

British imperialism : (Record no. 11397)

MARC details
000 -LEADER
fixed length control field 00614pam a2200205 a 4500
001 - CONTROL NUMBER
control field 1087820
005 - DATE AND TIME OF LATEST TRANSACTION
control field 20260428063111.0
008 - FIXED-LENGTH DATA ELEMENTS--GENERAL INFORMATION
fixed length control field 920601s1993 enkb b 001 0 eng
010 ## - LIBRARY OF CONGRESS CONTROL NUMBER
LC control number 92021715
020 ## - INTERNATIONAL STANDARD BOOK NUMBER
International Standard Book Number 0582491754
082 ## - DEWEY DECIMAL CLASSIFICATION NUMBER
Classification number 325.32 CAI
100 1# - MAIN ENTRY--PERSONAL NAME
Personal name Cain, P. J.,
Dates associated with a name 1941-
245 10 - TITLE STATEMENT
Title British imperialism :
Remainder of title innovation and expansion, 1688-1914 /
Statement of responsibility, etc. P.J. Cain and A.G. Hopkins.
260 ## - PUBLICATION, DISTRIBUTION, ETC.
Place of publication, distribution, etc. New York :
Name of publisher, distributor, etc. Longman,
Date of publication, distribution, etc. 1993.
300 ## - PHYSICAL DESCRIPTION
Extent xv, 504 p. :
Other physical details maps ;
Dimensions 22 cm.
365 ## - TRADE PRICE
Price amount Rs. 325
651 #0 - SUBJECT ADDED ENTRY--GEOGRAPHIC NAME
Geographic name Great Britain
General subdivision Colonies
-- History.
700 1# - ADDED ENTRY--PERSONAL NAME
Personal name Hopkins, A. G.
Fuller form of name (Anthony G.)
942 ## - ADDED ENTRY ELEMENTS (KOHA)
Source of classification or shelving scheme Dewey Decimal Classification
Koha item type BOOKs
Holdings
Withdrawn status Lost status Damaged status Not for loan Home library Current library Shelving location Date acquired Cost, normal purchase price Total Checkouts Full call number Barcode Date last seen Price effective from Koha item type
        . .   30.05.2017 325.00   325.32 CAI 11696 30.05.2017 30.05.2017 BOOKs